Biblioteca

Ética y vida (Registro nro. 52428)

Detalles MARC
000 -LÍDER
Campo fijo de descripción fija 01247aab a2200181 i 4500
001 - NÚMERO DE CONTROL
Campo de control 768714001
003 - IDENTIFICADOR DEL NÚMERO DE CONTROL
Campo de control CO-MdFUSB
005 - FECHA Y HORA DE LA ULTIMA TRANSACCIÓN
control field 20240424100545.0
008 - ELEMENTOS DE LONGITUD FIJA -- INFORMACIÓN GENERAL
Campo fijo de descripción fija -- Información general 240424t1999 ck ||||| |||| 00| 0 spa d
040 ## - FUENTE DE CATALOGACIÓN
Idioma de catalogación spa
Agencia que realiza la transcripción CO-MdFUSB
041 ## - CÓDIGO DE IDIOMA
Código de idioma para texto/pista de sonido o título separado spa
100 1# - ASIENTO PRINCIPAL--NOMBRE PERSONAL
Nombre personal Solano, Lilia
Término relacionador autor
245 10 - TÍTULO
Título Ética y vida
Mención de responsabilidad / Lilia Solano
300 ## - DESCRIPCIÓN FÍSICA
Extensión Volumen 18, número 4 (octubre - diciembre, 1999), páginas: 38 - 39
Dimensiones ; 27 cm
520 ## - NOTA DE RESUMEN, ETC.
Nota de sumario, etc. Van R. Potter acuñó el término bioética en 1970. Su finalidad era combinar dos raíces griegas: bios, para nombrar el proceso y la atmósfera que se desarrollaba en el campo de las llamadas ciencias de la vida (ecología, biología, medicina, etc.). ) en las últimas décadas, cuya raíz puede significar el respeto a los valores en el fragor de los conflictos de la vida. Potter propuso la integración de la ciencia y la vida, sin imaginar que no surgiría un conflicto porque sería imposible, pero afirmando lo que el médico y filósofo Diego Gracia llama el "punto de vista responsable", desde entonces se han escrito muchos escritos interdisciplinarios.
773 0# - ASIENTO DE ITEM FUENTE
Título Iglesia y Misión
Biblionumber 49402
Itemnumber 59630
Parte(s) relacionada(s) / Volumen., número. (mes año), páginas Volumen 18, número 4 (octubre - diciembre, 1999), páginas: 38 - 39
Enumeración y primera página páginas: 38
942 ## - TIPO DE MATERIAL (KOHA)
Tipo de Item KOHA Artículos de Revista

No hay ítems disponibles.

Biblioteca FUSBC | Teléfono: (57+4) 349 88 10 Ext. 141| WhatsApp (+57) 3005338115 
E-mail: biblioteca@unisbc.edu.co | Calle 76 87-14 Robledo Palenque, Medellín, Colombia

Con tecnología Koha